Broader downward yield adjustment may be established by end-year. (Record no. 60761)

MARC details
000 -LEADER
fixed length control field 00571cam a2200181 4500
001 - CONTROL NUMBER
control field ABS61084
008 - FIXED-LENGTH DATA ELEMENTS--GENERAL INFORMATION
fixed length control field 000000n1999 000 0 eng u
035 ## - SYSTEM CONTROL NUMBER
System control number (Sirsi) u101633
100 ## - MAIN ENTRY--PERSONAL NAME
Personal name Foxley, S.
245 ## - TITLE STATEMENT
Title Broader downward yield adjustment may be established by end-year.
260 ## - PUBLICATION, DISTRIBUTION, ETC.
Date of publication, distribution, etc. 1999
490 ## - SERIES STATEMENT
Series statement Property Forecast
Volume/sequential designation August 1999, 8-9(2)
520 ## - SUMMARY, ETC.
Summary, etc. Examines how property yields have behaved during 1999.
650 ## - SUBJECT ADDED ENTRY--TOPICAL TERM
Topical term or geographic name entry element YIELDS
690 ## - LOCAL SUBJECT ADDED ENTRY--TOPICAL TERM (OCLC, RLIN)
Topical term or geographic name as entry element PROPERTY-COMMERCIAL PROPERTY-COMMERCIAL PROPERTY FINANCE AND INVESTMENT
700 ## - ADDED ENTRY--PERSONAL NAME
Personal name Ross, S.
942 ## - ADDED ENTRY ELEMENTS (KOHA)
Suppress in OPAC 0
Holdings
Withdrawn status Lost status Source of classification or shelving scheme Damaged status Not for loan Home library Current library Shelving location Date acquired Total Checkouts Full call number Barcode Date last seen Copy number Price effective from Koha item type
    Dewey Decimal Classification     London London Journal article 09/11/1999   ABS61084 101633-1001 06/08/2019 1 06/08/2019 Journal article